Islamika feminism: vaividhyam, sankeernatha, bhavi(ഇസ്ലാമിക ഫെമിനിസം:വൈവിധ്യം, സങ്കീർണത, ഭാവി) (Record no. 114599)

MARC details
000 -LEADER
fixed length control field 00577 a2200157 4500
005 - DATE AND TIME OF LATEST TRANSACTION
control field 20251107095348.0
008 - FIXED-LENGTH DATA ELEMENTS--GENERAL INFORMATION
fixed length control field 251009b |||||||| |||| 00| 0 eng d
020 ## - INTERNATIONAL STANDARD BOOK NUMBER
International Standard Book Number 9789391600709
080 ## - UNIVERSAL DECIMAL CLASSIFICATION NUMBER
Universal Decimal Classification number 297:305-055.2=M
Item number UMM/I
100 ## - MAIN ENTRY--PERSONAL NAME
Personal name Ummul Fayiza
245 ## - TITLE STATEMENT
Title Islamika feminism: vaividhyam, sankeernatha, bhavi(ഇസ്ലാമിക ഫെമിനിസം:വൈവിധ്യം, സങ്കീർണത, ഭാവി)
260 ## - PUBLICATION, DISTRIBUTION, ETC. (IMPRINT)
Name of publisher, distributor, etc Other books
Place of publication, distribution, etc Calicut.
Date of publication, distribution, etc 2024.
300 ## - PHYSICAL DESCRIPTION
Extent 240p.
653 ## - INDEX TERM--UNCONTROLLED
Uncontrolled term Feminism - Islam - Social conditions - Women in Islam
942 ## - ADDED ENTRY ELEMENTS (KOHA)
item type Under processing
Holdings
Lost status Source of classification or shelving scheme Not for loan Home library Current library Date acquired Cost, normal purchase price Total Checkouts Total Renewals Full call number Barcode Date last seen Date checked out Cost, replacement price Price effective from Koha item type
  Universal Decimal Classification   University Library University Library 05/03/2025 180.01 1 1 297:305-055.2=M UMM/I 00096992 16/01/2026 04/12/2025 270.00 05/03/2025 Books
University Library, CUSAT